00964cam a22002531 4500001001300000003000400013005001700017008004100034010001700075035001900092040004500111042001200156050001500168100003700183245008200220260002500302300006900327490007800396504004200474650004700516650005700563810007300620999001700693gs 51000192 DLC20260227111357.0800701s1949 ag abf b 000 0 spa c ags 51000192  a(OCoLC)6474113 aU.S. Geol. Survey Libr.cMiEMdMiEMdDLC apremarc00aQE231b.C61 aCordini, Isaías Rafael,d1902-10aContribución al conoclimiento de la geología económica de Entre Ríos. aBuenos Aires,c1949. a78 p.billus., plates, maps, diagrs. (2 fold.) profiles.c31 cm.1 a(Argentine Republic. Dirección General de Industria Minera. Anales, 2) a"Bibliografia comentada" : p. [7]-12. 0aGeologyzArgentinazEntre Rios (Province). 0aGeology, EconomiczArgentinazEntre Rios (Province).1 aArgentina.bDirección General de Minas y Geología.tAnales ;v2. c28566d28566